000 00760nam a2200265Ia 4500
003 OSt
005 20220912151602.0
006 a|||||r|||| 00| 0
007 ta
008 220909b |||||||| |||| 00| 0 eng d
024 _a28133
037 _cTextual
040 _aCSL
_beng
_cCSL
041 _aeng
082 _aY7:(U42):(B), N1
100 _aStillwell John Ed.
245 0 _aMigration models: Macro and micro appraoches
260 _aLondon
_bBelhaven Press
_c1991
300 _a329p.
_ccm.
650 _a Migration-Internal-Great Britain-Economic models
650 _aPsychology
700 _a Congdon Peter Ed.
942 _hY7:(U42):(B), N1
_cTEXL
_2CC
999 _c71953
_d71953